Biggest Cities in Spain (Extreme) - Statistics

General Stats
  • This quiz has been taken 1,212 times
    509 since last reset
  • The average score is 82 of 645
Answer Stats
Population City % Correct
1,620,343 Barcelona
98%
3,223,334 Madrid
98%
703,206 Sevilla
95%
814,208 Valencia
94%
354,860 Bilbao
92%
568,305 Málaga
91%
674,317 Zaragoza
88%
401,270 Palma de Mallorca
85%
436,870 Murcia
84%
328,428 Córdoba
83%
234,325 Granada
82%
246,056 A Coruña
80%
334,757 Alicante
79%
381,847 Las Palmas de Gran Canaria
79%
317,864 Valladolid
78%
297,332 Vigo
77%
126,766 Cádiz
73%
82,291 Toledo
73%
185,357 Donostia / San Sebastián
72%
96,188 Girona
71%
198,491 Pamplona
71%
277,554 Gijón
68%
75,912 San Sebastián de los Reyes
67%
182,700 Santander
67%
224,005 Oviedo
66%
134,305 León
65%
155,619 Salamanca
65%
188,810 Almería
64%
95,092 Santiago de Compostela
64%
140,323 Tarragona
62%
167,164 Getafe
61%
148,806 Huelva
61%
230,112 Elche
60%
24,113 Ibi
59%
257,038 L'Hospitalet de Llobregat
59%
222,417 Santa Cruz de Tenerife
59%
235,661 Vitoria-Gasteiz
59%
207,532 Jerez de la Frontera
58%
134,623 Marbella
58%
148,334 Badajoz
57%
178,966 Burgos
57%
48,684 Ibiza
56%
206,493 Cartagena
55%
135,919 Lleida
53%
169,716 Albacete
51%
116,557 Jaén
51%
78,674 Ceuta
49%
71,034 Benidorm
48%
83,039 Guadalajara
48%
52,059 Huesca
47%
152,107 Logroño
47%
56,395 Mérida
47%
219,547 Badalona
46%
180,005 Castellón de la Plana
46%
96,678 Lugo
46%
107,742 Ourense
46%
56,660 Segovia
46%
116,209 Algeciras
44%
93,131 Cáceres
44%
74,014 Ciudad Real
43%
81,576 Pontevedra
42%
107,118 Reus
41%
206,493 Sabadell
41%
56,855 Ávila
40%
186,066 Leganés
40%
70,155 Alcalá de Guadaíra
39%
204,574 Alcalá de Henares
39%
55,866 Cuenca
39%
122,943 Dos Hermanas
39%
82,651 Palencia
39%
210,941 Terrassa
39%
35,396 Teruel
38%
66,293 Zamora
38%
39,528 Soria
37%
14,650 Mos
36%
167,967 Alcorcón
35%
186,066 Fuenlabrada
34%
206,478 Móstoles
34%
68,736 Ponferrada
34%
65,448 Torremolinos
34%
121,722 Mataró
33%
84,242 Avilés
32%
60,951 Irun
31%
74,273 Ferrol
30%
71,482 Fuengirola
30%
36,827 Ronda
30%
80,770 Getxo
29%
96,366 San Fernando
29%
118,162 Torrejón de Ardoz
29%
107,514 Alcobendas
28%
98,460 Barakaldo
27%
27,419 Eibar
27%
91,906 Lorca
27%
101,792 Torrevieja
27%
58,854 Benalmádena
26%
115,611 Parla
26%
88,856 Talavera de la Reina
26%
76,558 Manresa
25%
54,055 Aranjuez
23%
150,661 La Laguna
23%
21,254 Lalín
23%
60,279 Motril
23%
84,227 El Ejido
22%
63,418 El Prat de Llobregat
22%
65,592 Estepona
22%
80,020 Gandia
22%
86,340 Las Rozas de Madrid
22%
74,190 Vélez-Málaga
22%
77,293 Chiclana de la Frontera
21%
44,464 Denia
21%
43,330 Figueres
21%
82,428 Pozuelo de Alarcón
21%
17,793 Tarifa
21%
100,015 Telde
21%
52,484 Torrelavega
21%
78,543 Torrent
21%
59,127 Arrecife
20%
90,280 Coslada
20%
68,110 Majadahonda
20%
82,665 Roquetas de Mar
20%
119,717 Santa Coloma de Gramenet
20%
39,844 Vic
20%
12,078 Astorga
19%
64,595 La Línea de la Concepción
19%
61,338 Linares
19%
19,014 Moaña
19%
91,006 Sant Cugat del Vallès
19%
27,668 Sitges
19%
34,717 Tudela
19%
35,649 Úbeda
19%
51,205 Vila-Real
19%
86,519 Cornellà de Llobregat
18%
40,400 Écija
18%
87,696 El Puerto de Santa María
18%
39,363 Lloret de Mar
18%
68,405 Rivas-Vaciamadrid
18%
66,070 Sagunto
18%
26,649 Salou
18%
14,080 Ciudad Rodrigo
17%
60,658 Granollers
17%
14,013 Llanes
17%
62,750 Valdemoro
17%
62,080 Castelldefels
16%
40,548 Manacor
16%
39,264 Miranda de Ebro
16%
43,501 Pinto
16%
72,987 Rubí
16%
65,805 Sanlúcar de Barrameda
16%
61,552 Alcoy
15%
35,791 Don Benito
15%
13,396 Jaca
15%
73,787 Mijas
15%
82,428 Sant Boi de Llobregat
15%
50,665 Utrera
15%
65,890 Vilanova i la Geltrú
15%
45,168 Antequera
14%
16,253 Baeza
14%
43,414 Boadilla del Monte
14%
21,933 Calatayud
14%
31,670 Castro-Urdiales
14%
86,164 Orihuela
14%
48,105 Portugalete
14%
51,842 Puertollano
14%
35,143 Tortosa
14%
19,071 Alcúdia
13%
32,928 Aranda de Duero
13%
51,489 Arganda del Rey
13%
78,614 Arona
13%
19,119 Benavente
13%
24,787 Calahorra
13%
32,422 Cambrils
13%
29,160 Ciutadella
13%
41,896 Tres Cantos
13%
40,047 Blanes
12%
29,666 Calp
12%
51,774 Calvià
12%
12,896 Coria
12%
29,386 Xàtiva
12%
16,924 Barbastro
11%
17,160 Berga
11%
55,027 Collado Villalba
11%
43,700 Colmenar Viejo
11%
55,168 Elda
11%
29,308 Inca
11%
31,593 Javea
11%
44,070 Mieres
11%
29,179 Rota
11%
14,775 Villaviciosa
11%
16,424 Zafra
11%
34,533 Águilas
10%
33,588 Almendralejo
10%
39,111 Andújar
10%
38,918 Igualada
10%
19,186 Manzanares
10%
29,125 Maó
10%
33,000 Maspalomas
10%
63,489 Viladecans
10%
41,084 Alcantarilla
9%
25,727 Almansa
9%
27,696 Almuñécar
9%
18,785 Bailén
9%
23,359 Baza
9%
15,007 Béjar
9%
26,655 Benicarló
9%
18,098 Benicàssim
9%
28,229 Durango
9%
45,994 Gavà
9%
30,976 Hellín
9%
17,042 Monzón
9%
10,554 Mora
9%
17,228 Navalmoral de la Mata
9%
64,023 Paterna
9%
32,219 Puerto de la Cruz
9%
15,430 Santafé
9%
46,978 Santurtzi
9%
53,126 San Vicente del Raspeig
9%
38,095 Tomelloso
9%
35,025 Yecla
9%
30,675 Alcázar de San Juan
8%
44,690 Alzira
8%
31,210 Arcos de la Frontera
8%
32,744 Azuqueca de Henares
8%
13,680 Betanzos
8%
28,344 Carmona
8%
20,984 Conil de la Frontera
8%
16,458 Hondarribia
8%
42,248 Lucena
8%
35,667 Puerto del Rosario
8%
31,432 San Javier
8%
63,637 Santa Lucía de Tirajana
8%
17,315 Sanxenxo
8%
29,476 Sestao
8%
18,044 Tolosa
8%
17,262 Tui
8%
17,677 Utebo
8%
31,147 Valdepeñas
8%
37,576 Vilagarcía de Arousa
8%
25,838 Villanueva de la Serena
8%
26,642 Villarrobledo
8%
43,204 Adeje
7%
13,509 Aguilar
7%
16,392 Alcañiz
7%
23,780 Altea
7%
17,842 Amorebieta
7%
15,307 Arenys de Mar
7%
13,835 Arroyomolinos
7%
42,657 Basauri
7%
26,015 Camas
7%
18,583 Chipiona
7%
38,767 Errenteria
7%
14,302 Fraga
7%
25,886 Lepe
7%
21,574 Loja
7%
25,969 Marín
7%
35,221 Mazarrón
7%
64,065 Molina de Segura
7%
33,524 Olot
7%
17,851 Osuna
7%
17,260 Pollença
7%
30,033 Puente-Genil
7%
10,307 Reinosa
7%
31,760 Santa Pola
7%
15,651 Tarancón
7%
16,539 Tàrrega
7%
25,092 Valls
7%
13,985 Vera
7%
35,222 Villena
7%
29,762 Arteixo
6%
18,627 Calella
6%
58,747 Cerdanyola del Vallès
6%
18,527 Daimiel
6%
16,252 Ermua
6%
31,820 Galapagar
6%
41,171 La Orotava
6%
16,060 La Roda
6%
13,063 La Seu d'Urgell
6%
33,443 Oleiros
6%
22,365 Palafrugell
6%
40,183 Puerto Real
6%
21,278 Requena
6%
11,057 Ripoll
6%
18,517 San Bartolomé
6%
13,942 Sóller
6%
14,391 Verín
6%
16,238 Viveiro
6%
24,373 Adra
5%
13,557 Beasain
5%
16,937 Bermeo
5%
38,433 Burjassot
5%
34,565 Burriana
5%
26,415 Caravaca
5%
30,990 Carballo
5%
35,200 Cieza
5%
17,331 Ejea de los Caballeros
5%
35,821 El Vendrell
5%
29,226 Galdakao
5%
39,993 Granadilla de Abona
5%
25,685 Jumilla
5%
15,880 La Carolina
5%
18,314 Laudio / Llodio
5%
31,197 Leioa
5%
30,508 Manises
5%
24,655 Martos
5%
37,712 Narón
5%
26,516 Níjar
5%
28,419 Oliva
5%
25,691 Onda
5%
18,161 Palamós
5%
15,990 Pasaia
5%
27,518 Ribeira
5%
10,378 Sabiñánigo
5%
29,985 Salt
5%
40,981 San Fernando de Henares
5%
33,761 Sant Adrià de Besò
5%
13,508 Sarria
5%
16,231 Seseña
5%
28,908 Sueca
5%
16,890 Torrox
5%
29,211 Totana
5%
28,273 Vinaròs
5%
35,114 Alhaurín de la Torre
4%
21,782 Almonte
4%
10,089 Amurrio
4%
14,457 Arnedo
4%
14,375 Azpeitia
4%
16,779 Balaguer
4%
22,110 Barañáin
4%
14,707 Bergara
4%
18,883 Boiro
4%
27,035 Catarroja
4%
28,100 Coria del Río
4%
24,121 Cullera
4%
24,262 Erandio
4%
46,862 Esplugues de Llobregat
4%
12,632 Estepa
4%
14,800 Guadarrama
4%
18,098 Humanes de Madrid
4%
10,237 Jerez de los Caballeros
4%
26,434 Lebrija
4%
15,619 Los Alcázares
4%
26,681 Martorell
4%
11,683 Medina Sidonia
4%
43,756 Mislata
4%
14,319 Mollerussa
4%
52,484 Mollet del Vallès
4%
16,236 Montijo
4%
23,840 Montilla
4%
37,735 Ontinyent
4%
23,519 Paiporta
4%
17,669 Pozoblanco
4%
14,708 Punta Umbría
4%
30,001 Redondela
4%
38,666 Rincón de la Victoria
4%
14,487 Sada
4%
29,249 San Roque
4%
22,772 Tomares
4%
38,425 Vilafranca del Penedès
4%
33,797 Villajoyosa
4%
17,089 Albolote
3%
29,914 Aldaia
3%
28,308 Algemesí
3%
23,519 Alhaurín el Grande
3%
13,395 Alora
3%
11,685 Andratx
3%
21,380 Armilla
3%
36,259 Arucas
3%
18,327 Banyoles
3%
31,144 Barberà del Vallès
3%
10,062 Buñol
3%
24,265 Calafell
3%
31,404 Camargo
3%
13,708 Cambados
3%
14,589 Cangas del Narcea
3%
10,932 Consuegra
3%
28,227 Culleredo
3%
26,511 El Campello
3%
14,165 Fene
3%
24,405 Gáldar
3%
11,057 La Bañeza
3%
17,782 Lasarte
3%
36,078 Llucmajor
3%
22,311 Los Barrios
3%
36,824 Los Palacios y Villafranca
3%
10,672 Luanco
3%
14,000 Lugones
3%
40,700 Mairena del Aljarafe
3%
13,813 Manilva
3%
20,815 Maracena
3%
19,768 Marchena
3%
33,348 Marratxí
3%
10,270 Montgat
3%
28,455 Morón de la Frontera
3%
16,209 Mungia
3%
18,021 Nigrán
3%
10,896 Oñati
3%
17,475 Porriño
3%
27,399 Premià de Mar
3%
37,088 Ripollet
3%
45,565 Sama
3%
18,256 San Martín de la Vega
3%
23,738 San Pedro del Pinatar
3%
17,084 Santa Cruz de la Palma
3%
26,401 Sant Andreu de la Barca
3%
42,919 Sant Feliu de Llobregat
3%
15,811 Sant Just Desvern
3%
10,054 Sax
3%
21,980 Torre del Mar
3%
15,272 Torredembarra
3%
13,117 Torrijos
3%
12,973 Vejer de la Frontera
3%
15,437 Vilalba
3%
20,866 Vila-seca
3%
26,475 Villaviciosa de Odón
3%
10,161 Xinzo de Limia
3%
11,135 Alcaudete
2%
24,963 Almassora
2%
10,734 Alovera
2%
26,983 Amés
2%
14,679 Andoain
2%
13,221 Benissa
2%
12,331 Bueu
2%
23,231 Cambre
2%
15,006 Campo de Criptana
2%
14,123 Canet de Mar
2%
25,748 Cangas do Morrazo
2%
21,313 Cártama
2%
17,905 Cartaya
2%
17,150 Castilleja de la Cuesta
2%
16,235 Cehegín
2%
14,167 Chiva
2%
13,618 Corralejo
2%
28,609 Crevillente
2%
17,360 El Astillero
2%
10,031 El Casar
2%
14,238 Estella-Lizarra
2%
16,244 Gernika-Lumo
2%
13,240 Godella
2%
13,841 Gondomar
2%
17,662 Güimar
2%
24,024 Icod de los Vinos
2%
29,319 Ingenio
2%
21,996 La Oliva
2%
35,928 La Rinconada
2%
16,511 La Solana
2%
10,140 L'Escala
2%
37,559 Los Realejos
2%
20,510 Mairena del Alcor
2%
18,472 Malgrat de Mar
2%
10,338 Miajadas
2%
24,067 Molins de Rei
2%
21,900 Moncada
2%
33,453 Montcada i Reixac
2%
16,941 Mula
2%
27,135 Novelda
2%
13,490 Nules
2%
13,386 Pilas
2%
26,203 Pineda de Mar
2%
10,000 Playa Blanca
2%
16,043 Poio
2%
23,513 Priego de Córdoba
2%
30,000 Puerto del Carmen
2%
13,947 Puerto Lumbreras
2%
11,000 Puerto Rico
2%
25,499 Quart de Poblet
2%
20,779 San Juan de Aznalfarache
2%
17,889 San Lorenzo de El Escorial
2%
12,749 Sanlúcar la Mayor
2%
31,314 Santa Eulària des Riu
2%
14,630 Santa Marta de Tormes
2%
25,048 Santa Perpètua de Mogoda
2%
10,736 Santa Ponsa
2%
15,511 Sant Carles de la Ràpita
2%
18,462 Sant Quirze del Vallès
2%
10,207 S'Arenal
2%
13,163 Socuéllamos
2%
19,418 Teguise
2%
17,807 Teo
2%
14,620 Teulada
2%
19,849 Tías
2%
31,495 Torre-Pacheco
2%
13,632 Tuineje
2%
16,979 Ubrique
2%
14,910 Vecindario
2%
10,719 Vilanova de Arousa
2%
13,356 Villafranca de los Barros
2%
12,526 Villamartín
2%
10,057 Villanueva de Córdoba
2%
16,804 Villanueva de la Cañada
2%
15,087 Villanueva del Pardillo
2%
30,691 Xirivella
2%
10,104 Zumarraga
2%
21,880 A Estrada
1%
13,886 Aguadulce
1%
28,924 Agüimes
1%
15,443 Albal
1%
11,175 Alberic
1%
11,178 Albox
1%
10,570 Alcanar
1%
13,226 Alginet
1%
19,147 Almoradí
1%
10,371 Antigua
1%
15,399 Atarfe
1%
10,071 Bembibre
1%
15,313 Benetússer
1%
15,035 Berja
1%
13,891 Bollullos par del Condado
1%
18,590 Bormujos
1%
12,460 Brenes
1%
18,178 Burlata
1%
10,759 Calasparra
1%
10,036 Caldas de Reis
1%
16,885 Caldes de Montbui
1%
17,924 Callosa de Segura
1%
10,637 Calonge
1%
67,904 Campiña
1%
13,941 Canals
1%
24,319 Candelaria
1%
16,023 Canovelles
1%
10,627 Cantillana
1%
16,596 Cardedeu
1%
10,327 Castalla
1%
10,330 Caudete
1%
10,174 Ceuti
1%
13,711 Cubelles
1%
13,025 Cuevas del Almanzora
1%
18,351 El Viso del Alcor
1%
18,270 Felanitx
1%
12,934 Gines
1%
11,033 Grado
1%
16,329 Guardamar del Segura
1%
20,536 Guía de Isora
1%
17,645 Huércal-Overa
1%
11,324 Huétor Vega
1%
14,942 La Algaba
1%
10,385 La Bisbal d'Empordà
1%
11,150 L'Alcora
1%
17,874 La Nucia
1%
10,404 La Palma del Condado
1%
17,305 La Pineda
1%
11,171 Laracha
1%
10,214 La Roca del Vallès
1%
16,464 Las Cabezas de San Juan
1%
16,369 Las Gabias
1%
17,737 La Unión
1%
16,552 L'Eliana
1%
13,776 Llanera
1%
11,404 Madridejos
1%
10,972 Mancha Real
1%
15,210 Massamagrell
1%
10,395 Meliana
1%
13,986 Miguelturra
1%
14,213 O Barco de Valdeorras
1%
14,114 O Carballiño
1%
23,301 Olesa de Montserrat
1%
17,842 Oria
1%
20,821 Pájara
1%
11,134 Pallejà
1%
14,329 Paracuellos de Jarama
1%
17,632 Parets del Vallès
1%
11,133 Pego
1%
11,053 Picanya
1%
14,324 Piera
1%
13,515 Pinos Puente
1%
17,158 Playa del Ingles
1%
14,210 Pola de Laviana
1%
19,018 Puçol
1%
12,736 Quintanar de la Orden
1%
10,559 Rute
1%
11,133 San Agustín del Guadalix
1%
30,906 San Andrés del Rabanedo
1%
34,922 San Pedro de Alcántara
1%
19,154 Santa Brígida
1%
10,181 Sant Andreu de Llavaneres
1%
21,852 Sant Antoni de Portmany
1%
14,013 Santa Úrsula
1%
16,860 Sant Celoni
1%
32,030 Sant Joan Despí
1%
15,319 Santomera
1%
28,353 Sant Pere de Ribes
1%
12,237 Sant Sadurní d'Anoia
1%
27,701 Sant Vicenç dels Horts
1%
12,766 Sa Pobla
1%
23,562 Tacoronte
1%
18,195 Tavernes de la Valldigna
1%
10,666 Tegueste
1%
11,146 Tineo
1%
13,315 Tomiño
1%
15,345 Tordera
1%
11,045 Valdemorillo
1%
13,529 Valdés
1%
14,066 Vallirana
1%
22,853 Vícar
1%
10,660 Villablino
1%
17,013 Villaquilambre
1%
10,869 Alcalá del Río
0%
17,960 Aljaraque
0%
18,202 Archena
0%
10,341 Atarrabia
0%
10,933 Beniel
0%
15,527 Carlet
0%
10,376 Castell-Platja d'Aro
0%
12,001 Churriana de la Vega
0%
13,345 Cizur Mayor
0%
13,843 Corbera de Llobregat
0%
15,955 Corvera de Asturias
0%
19,248 El Arahal
0%
16,026 El Grao
0%
17,163 Ermitagaña
0%
10,967 Fuensalida
0%
10,788 Fuente Palmera
0%
62,368 Grao de Murviedro
0%
11,109 Guillena
0%
14,937 Huércal de Almería
0%
10,440 Illora
0%
24,846 Iturrama
0%
10,431 Jimena de la Frontera
0%
14,991 La Garriga
0%
13,820 La Llagosta
0%
10,000 La Manga del Mar Menor
0%
11,325 La Puebla de Cazalla
0%
14,213 Las Matas
0%
43,827 Llefià
0%
14,143 Lliçà d'Amunt
0%
13,060 Monóvar
0%
15,509 Montornès del Vallès
0%
10,000 Nazaret
0%
13,119 Ogíjares
0%
10,910 Peligros
0%
35,963 Realejo Alto
0%
52,161 San Bartolomé de Tirajana
0%
16,179 San Miguel De Abona
0%
10,487 Santa Comba
0%
12,664 Santanyí
0%
27,159 Santa Uxía de Ribeira
0%
10,779 Sant Joan de Vilatorrada
0%
60,000 Santutxu
0%
14,779 Sarriguren
0%
12,215 Son Servera
0%
10,189 Talayuela
0%
13,808 Torelló
0%
14,627 Torre del Campo
0%
14,181 Torredonjimeno
0%
10,645 Villacañas
0%
17,803 Zubia
0%
No matching quizzes found
Score Distribution
Percent of People with Each Score
Percentile by Number Answered
Your Score History
You have not taken this quiz since the last reset